|
|
|
|
| LEADER |
00989cam a2200241 7i4500 |
| 001 |
0000057449 |
| 005 |
20210222090000.0 |
| 020 |
|
|
|a 9781484231852 (electronic book)
|
| 090 |
0 |
0 |
|a QA76.8
|b .E46 2018
|
| 100 |
1 |
|
|a Elmansy, Rafiq
|
| 245 |
1 |
0 |
|a Developing professional iPhone photography :
|b using photoshop, lightroom, and other iOS and desktop apps to create and edit photos
|c by Rafiq Elmansy.
|
| 264 |
|
|
|a Berkeley, CA:
|b Apress,
|c 2018.
|
| 300 |
|
|
|a 1 online resource (xiv, 389 pages):
|b illustrations (some color), text file, PDF.
|
| 336 |
|
|
|a text
|2 rdacontent
|
| 337 |
|
|
|a computer
|2 rdamedia
|
| 338 |
|
|
|a online resource
|2 rdacarrier
|
| 650 |
0 |
0 |
|a Photography
|
| 650 |
0 |
0 |
|a Apple computer
|
| 655 |
0 |
0 |
|a Electronic books
|
| 856 |
4 |
2 |
|u http://library.unisel.edu.my/web/guest/mylibrary
|
| 997 |
|
|
|a Communication, Visual Art & Computing, Faculty
|b Visual Art, Department
|
| 998 |
|
|
|a Arts Creative Photography Technology, Degree
|
| 999 |
|
|
|a EBO0003771
|b BOK
|c EBOOK
|e Electronic resources
|